| 000 | 01474nam a2200385 a 4500 | ||
|---|---|---|---|
| 001 | ebr10747056 | ||
| 003 | CaPaEBR | ||
| 006 | m o u | ||
| 007 | cr cn||||||||| | ||
| 008 | 870430s1987 nyu sb 001 0 eng d | ||
| 010 | _z 87047606 | ||
| 020 | _z0801420547 (alk. paper) | ||
| 020 | _z9780801494185 (pbk. : alk. paper) | ||
| 020 | _z9780801469992 (e-book) | ||
| 040 |
_aCaPaEBR _cCaPaEBR |
||
| 035 | _a(OCoLC)859159212 | ||
| 043 | _aaw----- | ||
| 050 | 1 | 4 |
_aKZ4053 _b.W35 1987eb |
| 082 | 0 | 4 |
_a327.1/16/0956 _219 |
| 100 | 1 |
_aWalt, Stephen M., _d1955- |
|
| 245 | 1 | 4 |
_aThe origins of alliances _h[electronic resource] / _cStephen M. Walt. |
| 260 |
_aIthaca : _bCornell University Press, _c1987. |
||
| 300 | _axii, 321 p. | ||
| 440 | 0 | _aCornell studies in security affairs | |
| 500 | _aFirst printing, Cornell Paperbacks, 1990. | ||
| 504 | _aIncludes bibliographical references (p. 293-309) and index. | ||
| 533 |
_aElectronic reproduction. _bPalo Alto, Calif. : _cebrary, _d2013. _nAvailable via World Wide Web. _nAccess may be limited to ebrary affiliated libraries. |
||
| 650 | 0 | _aAlliances. | |
| 650 | 0 | _aInternational relations. | |
| 651 | 0 |
_aMiddle East _xForeign relations. |
|
| 651 | 0 |
_aMiddle East _xPolitics and government _y1945- |
|
| 655 | 7 |
_aElectronic books. _2local |
|
| 710 | 2 | _aebrary, Inc. | |
| 856 | 4 | 0 |
_uhttp://site.ebrary.com/lib/rucke/Doc?id=10747056 _zAn electronic book accessible through the World Wide Web; click to view |
| 999 |
_c34929 _d34929 |
||